X-10 DİNOZOR KİTABIM (Record no. 587511)

MARC details
000 -LEADER
sabit uzunluktaki kontrol alanı 00271nam a2200109Ia 4500
001 - KONTROL NUMARASI
kontrol alanı 587511
005 - EN SON İŞLEMİN TARİH VE ZAMANI
kontrol alanı 20250717113817.0
008 - SABİT-UZUNLUKTA VERİ ÖĞELERİ--GENEL BİLGİ
sabit uzunluktaki kontrol alanı 250717s9999 xx 000 0 und d
245 #0 - ESER / YAZAR
ESER ADI X-10 DİNOZOR KİTABIM
Yazar Adı RUTH A. MUSGRAVE
260 ## - YAYIN, DAĞITIM, VB.
YAYIN EVİ BETA YAYINLARI
Yayın, dağıtım tarihi, vb. 2020
300 ## - FİZİKSEL AÇIKLAMA
Diğer fiziksel ayrıntılar 25

No items available.